[Event "FIDE Open 2012"]
[Site "Voronezh (Russia)"]
[Date "2012.06.15"]
[Round "4.16"]
[White "Volkov, Sergei"]
[Black "Grachev, Andrey"]
[Result "1-0"]
[WhiteElo "2107"]
[BlackElo "1996"]
[Annotator ""]
[Source ""]
[Remark ""]

1.Nf3 Nf6 2.d4 g6 3.Bf4 Bg7 4.h3 d6 5.e3 O-O 6.Be2 Nbd7 7.O-O
b6 8.Nbd2 Bb7 9.c3 Re8 10.Bh2 Ne4 11.a4 Nxd2 12.Nxd2 a6 13.Bf3
Bxf3 14.Qxf3 e5 15.Rfd1 Qe7 16.Qb7 Rac8 17.Nc4 Qe6 18.b3 f6 19.Qc6
Qf7 20.e4 Nf8 21.Rab1 Ne6 22.Ne3 Bh6 23.Nd5 Rb8 24.Rd3 b5 25.axb5
axb5 26.Rf3 Bf4 27.g3 1-0

[Event "FIDE Open 2012"]
[Site "Voronezh (Russia)"]
[Date "2012.06.15"]
[Round "4.17"]
[White "Purtov, Konstantin"]
[Black "Popov, Kirill"]
[Result "1-0"]
[WhiteElo "2083"]
[BlackElo "1983"]
[Annotator ""]
[Source ""]
[Remark ""]

1.e4 e6 2.d4 d5 3.Nd2 c5 4.exd5 exd5 5.Ngf3 Nf6 6.Bb5+ Bd7 7.Bxd7+
Nbxd7 8.O-O Be7 9.b3 O-O 10.Bb2 Ne4 11.Re1 f5 12.Nf1 c4 13.bxc4
dxc4 14.c3 g6 15.N1d2 Nxd2 16.Nxd2 b5 17.a4 b4 18.Qe2 bxc3 19.Bxc3
Bf6 20.Qxc4+ Kh8 21.a5 Rc8 22.Qb3 Rb8 1-0

[Event "FIDE Open 2012"]
[Site "Voronezh (Russia)"]
[Date "2012.06.15"]
[Round "4.18"]
[White "Polyansky, Viktor"]
[Black "Zhukov, Viktor"]
[Result "1/2-1/2"]
[WhiteElo "2009"]
[BlackElo "2077"]
[Annotator ""]
[Source ""]
[Remark ""]

1.e4 c5 2.Nf3 e6 3.d4 cxd4 4.Nxd4 Qb6 5.Nc3 Bc5 6.Na4 Qa5+ 7.c3
Bxd4 8.Qxd4 Nf6 9.Qc5 Qxc5 10.Nxc5 b6 11.e5 bxc5 12.exf6 gxf6
13.Be3 d6 14.O-O-O Ke7 15.Bf4 d5 16.Be3 Nd7 17.Bb5 Kd6 1/2-1/2

[Event "FIDE Open 2012"]
[Site "Voronezh (Russia)"]
[Date "2012.06.15"]
[Round "4.19"]
[White "Bargandzhiya, Zaza"]
[Black "Gerasko, Viacheslav"]
[Result "1-0"]
[WhiteElo "2070"]
[BlackElo "1964"]
[Annotator ""]
[Source ""]
[Remark ""]

1.e4 c5 2.Nf3 Nc6 3.Nc3 g6 4.d4 cxd4 5.Nxd4 Bg7 6.Be3 d6 7.Qd2
Bd7 8.f3 Ne5 9.O-O-O Rc8 10.Kb1 a6 11.g4 b5 12.h4 h5 13.g5 e6
14.f4 Nc4 15.Bxc4 Rxc4 16.f5 b4 17.Nce2 e5 18.Nb3 Rxe4 19.fxg6
f5 20.Qd5 Qe7 21.Qa8+ Qd8 22.Qd5 Qe7 23.Bb6 Bc8 24.Nc5 dxc5 25.Qc6+
Qd7 26.Rxd7 Bxd7 27.Qa8+ Ke7 28.Bxc5+ Ke6 29.Qxa6+ 1-0

[Event "FIDE Open 2012"]
[Site "Voronezh (Russia)"]
[Date "2012.06.15"]
[Round "4.20"]
[White "Mokshin, Maksim"]
[Black "Grishchenko, Vladimir"]
[Result "1-0"]
[WhiteElo "1948"]
[BlackElo "2069"]
[Annotator ""]
[Source ""]
[Remark ""]

1.Nf3 Nf6 2.g3 g6 3.d3 Bg7 4.Bg2 d6 5.e4 c5 6.O-O O-O 7.c3 Nc6
8.Qe2 Qc7 9.h3 Rb8 10.Ne1 b5 11.a3 a5 12.Nc2 b4 13.axb4 axb4
14.Ne3 e6 15.f4 Nh5 16.Kh2 Re8 17.Bf3 Nf6 18.g4 bxc3 19.bxc3
Na5 20.Nd2 Nd7 21.Ra3 Bb7 22.Kh1 d5 23.e5 Nc6 24.g5 d4 25.Nc2
Ra8 26.cxd4 cxd4 27.Nc4 Bf8 28.Rxa8 Rxa8 29.Bb2 Ra2 30.Ra1 Rxa1+
31.Bxa1 Bc5 32.Kh2 Nb6 33.Nd2 Nd5 34.Bxd5 exd5 35.Nf3 Bc8 36.Ncxd4
Ne7 37.Kg2 Bxd4 38.Nxd4 Qc1 39.Bb2 Qxf4 40.Nf3 Nf5 41.Qe1 d4
42.Bc1 Ne3+ 43.Bxe3 dxe3 44.Qh4 Qf5 45.Qg4 Qxg4+ 46.hxg4 Bxg4
47.Ne1 Kf8 48.d4 Ke7 49.d5 Be2 50.Nc2 Kf8 51.Nxe3 Ke7 52.Kf2
Ba6 53.Ng4 Bc4 54.Nf6 Bxd5 55.Nxd5+ Ke6 56.Nf6 Kxe5 57.Nxh7 f5
58.gxf6 Ke6 59.Kf3 1-0

[Event "FIDE Open 2012"]
[Site "Voronezh (Russia)"]
[Date "2012.06.15"]
[Round "4.21"]
[White "Khazieva, Elza"]
[Black "Zhileykin, Andrey"]
[Result "0-1"]
[WhiteElo "2068"]
[BlackElo "1889"]
[Annotator ""]
[Source ""]
[Remark ""]

1.e4 e5 2.Nf3 Nf6 3.Nxe5 d6 4.Nf3 Nxe4 5.Nc3 Nxc3 6.dxc3 Be7
7.Be3 O-O 8.Be2 Nd7 9.Qd2 Ne5 10.O-O-O c6 11.Nd4 c5 12.Nb3 a5
13.Qe1 Qc7 14.Nd2 a4 15.a3 b5 16.Bxb5 Qb6 17.Bc4 Bg4 18.f3 Rfb8
19.b4 axb3 20.Bxb3 Qa5 21.Nc4 Nxc4 22.Bxc4 Bf6 23.Rd3 Bf5 24.Rxd6
Qxa3+ 0-1

[Event "FIDE Open 2012"]
[Site "Voronezh (Russia)"]
[Date "2012.06.15"]
[Round "4.24"]
[White "Avtsynov, Artyom"]
[Black "Shuvalova, Polina"]
[Result "1-0"]
[WhiteElo "2033"]
[BlackElo "1702"]
[Annotator ""]
[Source ""]
[Remark ""]

1.e4 c5 2.Nc3 Nc6 3.g3 g6 4.Bg2 Bg7 5.f4 d6 6.Nf3 e6 7.d3 Nge7
8.O-O O-O 9.Be3 Nd4 10.Rb1 Qa5 11.Bd2 Nec6 12.a3 a6 13.Nd5 Qd8
14.Ne3 Qc7 15.Nh4 Bf6 16.c3 Bxh4 17.gxh4 Nb5 18.h5 Ne7 19.hxg6
hxg6 20.Qe1 f5 21.Qh4 Kf7 22.exf5 gxf5 23.a4 Na7 24.Qh5+ Kf6
25.Be1 Ng6 26.c4 Qf7 27.Qg5+ Kg7 28.Bc3+ Kg8 29.Rf3 Nc6 30.Rg3
Nce7 31.Rh3 e5 32.Nd5 Nxd5 33.Bxd5 Be6 34.Rh6 Kg7 35.fxe5 1-0

[Event "FIDE Open 2012"]
[Site "Voronezh (Russia)"]
[Date "2012.06.15"]
[Round "4.25"]
[White "Voischeva, Zinaida"]
[Black "Pavlov, Nikolay"]
[Result "0-1"]
[WhiteElo "1835"]
[BlackElo "2087"]
[Annotator ""]
[Source ""]
[Remark ""]

1.e4 c5 2.Nf3 e6 3.d3 Nc6 4.g3 d6 5.Bg2 g6 6.O-O Bg7 7.c3 e5
8.Be3 Nge7 9.Na3 O-O 10.d4 b6 11.Qd2 a6 12.Rfd1 Qc7 13.b4 exd4
14.b5 dxe3 15.Qxe3 Bb7 16.bxc6 Bxc6 17.Nh4 Rfe8 18.Qd3 Rad8 19.f4
d5 20.e5 f6 21.e6 d4 22.c4 Bxg2 23.Nxg2 Nc6 24.f5 gxf5 25.Nf4
Nb4 26.Qxf5 Qe5 27.Qg4 Qe3+ 28.Kg2 Qxa3 29.Nh5 Re7 30.Nxf6+ Kh8
31.Nxh7 Nc2 32.Qh4 Ne3+ 33.Kh3 Nf5 34.Qh5 Qe3 35.Ng5+ Nh6 36.Re1
Qd3 37.Nf7+ Rxf7 38.exf7 Rf8 39.Re8 Qf5+ 40.Qxf5 Nxf5 41.Rf1
Nd6 42.Rxf8+ Bxf8 43.Rc1 Kg7 44.Kg4 Kxf7 45.Kf3 Bh6 46.Rc2 0-1

[Event "FIDE Open 2012"]
[Site "Voronezh (Russia)"]
[Date "2012.06.15"]
[Round "4.26"]
[White "Sedykh, Egor"]
[Black "Kasantsev, Anatolij B."]
[Result "0-1"]
[WhiteElo "1793"]
[BlackElo "2080"]
[Annotator ""]
[Source ""]
[Remark ""]

1.d4 Nf6 2.Nf3 g6 3.g3 Bg7 4.Bg2 O-O 5.O-O d5 6.c4 dxc4 7.Nc3
c5 8.dxc5 Qa5 9.e4 Nc6 10.Qe2 Qxc5 11.Be3 Qh5 12.Qxc4 Ng4 13.Qe2
Nce5 14.h4 Nxe3 15.Qxe3 Bh6 16.Ng5 f6 17.Qd4 Bxg5 18.hxg5 Bh3
19.Qd1 Qxd1 20.Rfxd1 Bxg2 21.Kxg2 fxg5 22.Nd5 Kf7 23.Rac1 Rac8
24.f4 gxf4 25.gxf4 Ng4 26.Kf3 h5 27.e5 Rfd8 28.Nc3 Ke6 29.Ne4
Rxc1 30.Rxc1 Rd3+ 31.Kg2 Kf5 32.Nc5 Rd2+ 33.Kg3 Rxb2 34.Rc3 b6
35.Nb3 Rxa2 36.Nd4+ Ke4 37.Nc6 Ne3 38.Nxe7 Nf5+ 39.Nxf5 Kxf5
40.Re3 Ke6 41.Rd3 Kf5 42.Re3 Rc2 43.Kf3 Rc6 44.Rd3 b5 45.Ra3
a6 46.Ke3 b4 0-1

[Event "FIDE Open 2012"]
[Site "Voronezh (Russia)"]
[Date "2012.06.15"]
[Round "4.27"]
[White "Karavaeva, Nadezhda"]
[Black "Aleksandrov, Grigoriy"]
[Result "1-0"]
[WhiteElo "2027"]
[BlackElo "1819"]
[Annotator ""]
[Source ""]
[Remark ""]

1.e4 c5 2.Nf3 d6 3.d4 cxd4 4.Nxd4 Nf6 5.Nc3 a6 6.Bd3 e5 7.Nde2
Nc6 8.Bg5 Be7 9.Bxf6 Bxf6 10.Nd5 Be6 11.O-O Bxd5 12.exd5 Ne7
13.c4 O-O 14.Qc2 g6 15.f4 exf4 16.Nxf4 Qb6+ 17.Kh1 Rac8 18.Qd2
Qd4 19.Rae1 Nf5 20.Nh5 Be5 21.Rxf5 gxf5 22.Qg5+ Kh8 23.Qxf5 Qxd3
24.Qxd3 f5 25.b3 1-0

[Event "FIDE Open 2012"]
[Site "Voronezh (Russia)"]
[Date "2012.06.15"]
[Round "4.28"]
[White "Maksimov, Dmitri"]
[Black "Klimentov, Evgeny"]
[Result "0-1"]
[WhiteElo "2007"]
[BlackElo "1818"]
[Annotator ""]
[Source ""]
[Remark ""]

1.e4 c5 2.c3 d5 3.exd5 Qxd5 4.d4 Nf6 5.Nf3 Bg4 6.dxc5 Qxd1+ 7.Kxd1
e5 8.b4 e4 9.h3 Bh5 10.g4 Nxg4 11.hxg4 Bxg4 12.Nbd2 exf3 13.Bd3
Nd7 14.Re1+ Be7 15.Nc4 Be6 16.Na5 b6 17.Be4 Rc8 18.Bb7 O-O 19.Nc6
Bf6 20.Bxc8 Rxc8 21.Nxa7 Ra8 22.Nb5 bxc5 23.Be3 cxb4 24.Bd4 Bg5
25.Kc2 bxc3 26.Nc7 Rc8 27.Nxe6 fxe6 28.Rxe6 Kf7 29.Rd6 Nf6 30.Bxf6
Bxf6 31.Rd3 Rb8 32.Rb1 Ra8 33.Rb7+ Kg6 34.Kb3 Rc8 35.Rdd7 c2
36.Rdc7 c1Q 37.Rxc1 Rxc1 38.Rd7 0-1

[Event "FIDE Open 2012"]
[Site "Voronezh (Russia)"]
[Date "2012.06.15"]
[Round "4.33"]
[White "Titorenko, Irina"]
[Black "Belov, Yury"]
[Result "1-0"]
[WhiteElo "1988"]
[BlackElo "1783"]
[Annotator ""]
[Source ""]
[Remark ""]

1.e4 c5 2.d4 e6 3.Nf3 a6 4.c4 Be7 5.d5 d6 6.Bd3 e5 7.Nc3 Bg4
8.Ne2 h6 9.Ng3 g6 10.h3 Bd7 11.O-O h5 12.Nh2 h4 13.Nh1 g5 14.Ng4
Nh6 15.f3 b5 16.Nhf2 bxc4 17.Bxc4 f5 18.exf5 Nxf5 19.Ne4 O-O
20.Nxe5 Bb5 21.Bxb5 dxe5 22.d6 Nxd6 23.Qd5+ Nf7 24.Qxa8 Qd4+
25.Nf2 axb5 26.Rd1 Qb4 27.Qe4 Qxe4 28.Nxe4 Rc8 29.Be3 c4 30.Rd5
b4 31.Bc5 Bxc5+ 32.Rxc5 Rxc5 33.Nxc5 Kf8 34.Rc1 1-0

[Event "FIDE Open 2012"]
[Site "Voronezh (Russia)"]
[Date "2012.06.15"]
[Round "4.34"]
[White "Kozlov, Sergej A."]
[Black "Grigorjev, Iljya"]
[Result "1-0"]
[WhiteElo "1784"]
[BlackElo "1987"]
[Annotator ""]
[Source ""]
[Remark ""]

1.d4 Nf6 2.c4 c5 3.d5 b5 4.cxb5 a6 5.b6 e6 6.Nc3 exd5 7.Nxd5
Nxd5 8.Qxd5 Nc6 9.Nf3 Be7 10.Ne5 O-O 11.Nxc6 dxc6 12.Qxd8 Bxd8
13.g3 Bxb6 14.Bg2 Rb8 15.O-O Bd8 16.b3 Bf6 17.Bf4 Rb4 18.Rac1
Re8 19.e3 Rd8 20.Rfd1 Rxd1+ 21.Rxd1 Be6 22.Bd6 Rb5 23.Bxc6 Ra5
24.Rd2 h6 25.Rc2 Bf5 26.Rxc5 Rxc5 27.Bxc5 Bc3 28.e4 Bg4 29.b4
Bf3 30.a4 f5 31.Bb7 a5 32.b5 Bxe4 33.Bxe4 fxe4 34.Bd6 Bd4 35.Bc7
e3 36.fxe3 Bxe3+ 1-0

[Event "FIDE Open 2012"]
[Site "Voronezh (Russia)"]
[Date "2012.06.15"]
[Round "4.35"]
[White "Alieva, Alexandra"]
[Black "Gagarin, Artem"]
[Result "1-0"]
[WhiteElo "1970"]
[BlackElo "1767"]
[Annotator ""]
[Source ""]
[Remark ""]

1.e4 c5 2.d3 Nc6 3.f4 g6 4.g3 Bg7 5.Bg2 d6 6.Nf3 e6 7.O-O Nge7
8.Nc3 O-O 9.b3 Rb8 10.Qe1 Nd4 11.Nxd4 cxd4 12.Ne2 Qc7 13.Qd1
Nc6 14.Bd2 b5 15.f5 exf5 16.exf5 Bxf5 17.g4 Be6 18.Nf4 Ne7 19.Qe2
Bc8 20.Rfe1 Qxc2 21.Rac1 Qb2 22.Rc7 Qxa2 23.Rxe7 a5 24.Bd5 Qa3
25.Rxf7 Rd8 26.Rd7+ 1-0

[Event "FIDE Open 2012"]
[Site "Voronezh (Russia)"]
[Date "2012.06.15"]
[Round "4.36"]
[White "Voronin, Maxim"]
[Black "Pilchuk, Mikhail"]
[Result "1-0"]
[WhiteElo "1772"]
[BlackElo "1927"]
[Annotator ""]
[Source ""]
[Remark ""]

1.e4 e5 2.Nf3 Nc6 3.Bc4 Nf6 4.Ng5 d5 5.exd5 b5 6.Bf1 Nxd5 7.Bxb5
Qd6 8.Qf3 Be6 9.Ne4 Qd7 10.c4 Ndb4 11.O-O a6 12.Ba4 Bxc4 13.Re1
O-O-O 14.Nbc3 Kb8 15.a3 Nd3 16.Re3 Be7 17.b3 Bb5 18.Nxb5 f5 19.Nbc3
Nxc1 20.Rxc1 fxe4 21.Nxe4 Nd4 22.Qf7 Rhf8 23.Qxf8 Bxf8 1-0

[Event "FIDE Open 2012"]
[Site "Voronezh (Russia)"]
[Date "2012.06.15"]
[Round "4.37"]
[White "Savenko, Ivan"]
[Black "Dyakonova, Ekaterina"]
[Result "0-1"]
[WhiteElo "1634"]
[BlackElo "1919"]
[Annotator ""]
[Source ""]
[Remark ""]

1.Nf3 Nf6 2.d4 c5 3.c3 b6 4.Bf4 Bb7 5.e3 e6 6.h3 Be7 7.Be2 d6
8.O-O O-O 9.Nbd2 a6 10.Qc2 Nbd7 11.Rac1 Rc8 12.Qb1 b5 13.Bd3
h6 14.e4 c4 15.Bc2 Qb6 16.e5 dxe5 17.Bxe5 Nd5 18.Bh2 N7f6 19.Ne5
Bd6 20.f3 Bxe5 21.Bxe5 Nd7 22.Bh2 e5 23.Kh1 Ne3 24.Rfe1 exd4
25.cxd4 Qxd4 26.Bg1 Qxd2 27.Bxe3 Qd6 28.Rcd1 Qc7 29.Bf5 Rcd8
30.Rd4 Nf6 31.Rh4 Qg3 32.Bh7+ Nxh7 33.Rg4 Qd6 34.Bf4 Qc6 35.Re5
Kh8 36.Rh5 Rg8 37.Rgh4 Qd7 38.Qxh7+ Kxh7 39.Rxh6+ gxh6 40.Rxh6+
Kg7 41.Rh5 f6 0-1

[Event "FIDE Open 2012"]
[Site "Voronezh (Russia)"]
[Date "2012.06.15"]
[Round "4.39"]
[White "Gunchenko, Vadim"]
[Black "Shabunin, Danil"]
[Result "1-0"]
[WhiteElo "1893"]
[BlackElo "1722"]
[Annotator ""]
[Source ""]
[Remark ""]

1.d4 f5 2.Nc3 Nf6 3.Bg5 e6 4.e4 d6 5.e5 dxe5 6.dxe5 Qxd1+ 7.Rxd1
Nfd7 8.f4 Be7 9.Nf3 b6 10.Bc4 Nc5 11.Bxe7 Kxe7 12.O-O Bb7 13.Nd4
Nc6 14.Ncb5 Nxd4 15.Nxd4 a6 16.a3 Bd5 17.Bxd5 exd5 18.Nxf5+ Ke6
19.Nxg7+ Kf7 20.Nf5 Ke6 21.Nd4+ Kf7 22.Nc6 Ke6 23.f5+ Kd7 1-0

[Event "FIDE Open 2012"]
[Site "Voronezh (Russia)"]
[Date "2012.06.15"]
[Round "4.45"]
[White "Parshin, Vitaly"]
[Black "Cho, Seongho"]
[Result "0-1"]
[WhiteElo "1765"]
[BlackElo "1948"]
[Annotator ""]
[Source ""]
[Remark ""]

1.e4 c5 2.Nf3 d6 3.d4 cxd4 4.Nxd4 Nf6 5.Nc3 a6 6.h3 e6 7.g4 Be7
8.Bg2 Qc7 9.Be3 Nc6 10.Qd2 Bd7 11.g5 Nh5 12.O-O-O Ne5 13.Qe2
g6 14.Kb1 b5 15.f4 Nc4 16.Bc1 b4 17.e5 Rc8 18.Ne4 d5 19.Nf6+
Bxf6 20.gxf6 Ng3 21.Qe1 Nxh1 22.Qxb4 Qc5 23.Qxc5 Rxc5 24.Bxh1
Rc8 25.b3 Rb8 26.Ka1 Na5 27.Ba3 Nc6 28.Bd6 Rc8 29.Kb1 h6 30.Nxc6
Bxc6 31.c4 g5 32.f5 dxc4 33.Bxc6+ Rxc6 34.Be7 c3 35.Kc2 Rc8 36.fxe6
fxe6 37.Rd6 Kf7 38.Rxa6 h5 0-1

[Event "FIDE Open 2012"]
[Site "Voronezh (Russia)"]
[Date "2012.06.15"]
[Round "4.48"]
[White "Soloviova, Adelia"]
[Black "Sukhareva, Valentina"]
[Result "0-1"]
[WhiteElo "1704"]
[BlackElo "1879"]
[Annotator ""]
[Source ""]
[Remark ""]

1.e4 e6 2.d4 c5 3.Nf3 d5 4.exd5 exd5 5.Be3 cxd4 6.Nxd4 Nf6 7.Bd3
Be7 8.O-O O-O 9.Nc3 Nc6 10.Re1 Ng4 11.Nxc6 bxc6 12.Bf4 Bh4 13.Bg3
Bxg3 14.hxg3 Qb6 15.Qd2 Qxb2 16.f3 Qb6+ 17.Kf1 Nf6 18.Rab1 Qc7
19.Kf2 Qa5 20.Re2 Be6 21.Rh1 Qc5+ 22.Kf1 d4 23.Ne4 Nxe4 24.Bxe4
f5 25.Bd3 Rae8 26.a4 g6 27.Qh6 Rf7 28.Qd2 Qd6 29.Kf2 Rfe7 30.Rhe1
c5 31.a5 Bf7 32.Qd1 c4 33.Bxc4 Bxc4 34.Rxe7 Rxe7 35.Rxe7 Qxe7
36.Qxd4 Qe2+ 37.Kg1 h6 38.Kh2 Qe6 39.Qxa7 0-1

[Event "FIDE Open 2012"]
[Site "Voronezh (Russia)"]
[Date "2012.06.15"]
[Round "4.49"]
[White "Mikhailov, Artem"]
[Black "Poluektova, Anastasia"]
[Result "1-0"]
[WhiteElo "1720"]
[BlackElo "1613"]
[Annotator ""]
[Source ""]
[Remark ""]

1.e4 c5 2.Nf3 a6 3.Nc3 Nc6 4.a3 d6 5.d4 cxd4 6.Nxd4 Nf6 7.Bc4
e5 8.Nf3 Be7 9.Be3 O-O 10.O-O Be6 11.Bd5 Rc8 12.Qe2 Bxd5 13.Nxd5
Nxd5 14.exd5 Nb8 15.Rfd1 Qc7 16.Rac1 b5 17.Qd2 Nd7 18.b4 Nb6
19.Nxe5 dxe5 20.d6 Bxd6 21.Qxd6 Qxd6 22.Rxd6 Nc4 23.Rd3 e4 24.Rc3
Rfd8 25.Bc5 Rd7 26.f3 exf3 27.Rxf3 Rd2 28.Rd3 Rd8 29.Re1 f6 30.Rxd8+
Rxd8 31.c3 Ne5 32.Bd4 Re8 33.Kf1 Kf7 34.h3 Nc4 35.Ra1 Re6 36.a4
Nd2+ 37.Kf2 Nb3 38.Ra3 Nxd4 39.cxd4 bxa4 40.Rxa4 Re4 41.Rxa6
Rxd4 42.Rb6 Rd2+ 43.Kg3 Rb2 44.b5 g5 45.Rb8 h5 46.b6 Rb3+ 47.Kh2
h4 48.b7 Ke7 49.Rh8 Rxb7 50.Rh7+ Ke6 51.Rxb7 1-0

[Event "FIDE Open 2012"]
[Site "Voronezh (Russia)"]
[Date "2012.06.15"]
[Round "4.50"]
[White "Bezgodova, Tatiana"]
[Black "Sychev, Victor"]
[Result "0-1"]
[WhiteElo "1551"]
[BlackElo "1708"]
[Annotator ""]
[Source ""]
[Remark ""]

1.e4 e5 2.Nf3 Nc6 3.Nc3 Bc5 4.Nxe5 Bxf2+ 5.Kxf2 Nxe5 6.d4 Qf6+
7.Kg1 Ng6 8.e5 Qd8 9.Bc4 N8e7 10.h4 d5 11.exd6 Qxd6 12.h5 Nf8
13.Nb5 Qf6 14.b3 a6 15.Na3 b5 16.Be2 Be6 17.c4 bxc4 18.bxc4 0-1

[Event "FIDE Open 2012"]
[Site "Voronezh (Russia)"]
[Date "2012.06.16"]
[Round "5.1"]
[White "Katkov, Vitaly"]
[Black "Skomorohov, Grigorij"]
[Result "0-1"]
[WhiteElo "2066"]
[BlackElo "2217"]
[Annotator ""]
[Source ""]
[Remark ""]

1.Nf3 c5 2.c4 Nc6 3.g3 g6 4.Bg2 Bg7 5.O-O e5 6.Nc3 Nge7 7.d3
O-O 8.e4 a6 9.Be3 d6 10.Nd2 Rb8 11.a4 b6 12.Rb1 Nb4 13.Nb3 Bd7
14.Qd2 Nec6 15.Nd5 Nxd5 16.exd5 Ne7 17.Ra1 Nf5 18.Nc1 Nxe3 19.fxe3
Bh6 20.Qf2 Qg5 21.Re1 Rbe8 22.h4 Qd8 23.Ne2 f5 24.Nc3 f4 25.exf4
exf4 26.Rxe8 Qxe8 27.Re1 Qd8 28.Qe2 fxg3 29.Qe7 Qxe7 30.Rxe7
Bf5 31.Be4 Bh3 32.Bg2 Bf5 33.Be4 Bh3 34.Bg2 Bg4 35.Ne4 Be3+ 36.Kh1
Bf4 37.Rb7 Bf5 38.Rxb6 Bxe4 39.dxe4 Be5 40.b4 cxb4 41.Rxb4 Rf4
42.Rb3 Rxh4+ 43.Kg1 a5 44.Rd3 Kf7 45.Rf3+ Ke7 46.Rb3 h5 47.Bf3
Rh2 48.Rb7+ Kf6 49.Bg2 Bd4+ 50.Kf1 Rh4 51.Rb8 Rf4+ 52.Ke1 Kg5
53.Rb3 Kg4 54.Rd3 Bc5 55.e5 dxe5 56.d6 Bb4+ 57.Kd1 Rxc4 58.d7
Be7 59.d8Q Bxd8 60.Rxd8 Rxa4 61.Ke1 h4 62.Bd5 Rd4 63.Be6+ Kf3
64.Rf8+ Ke3 65.Bh3 a4 66.Bg2 e4 67.Rf6 Rb4 68.Kd1 Rb2 69.Bh3
Rf2 0-1

[Event "FIDE Open 2012"]
[Site "Voronezh (Russia)"]
[Date "2012.06.16"]
[Round "5.2"]
[White "Khoroshilov, Nikita"]
[Black "Kalinin, Ivan"]
[Result "1/2-1/2"]
[WhiteElo "2223"]
[BlackElo "2088"]
[Annotator ""]
[Source ""]
[Remark ""]

1.Nf3 d5 2.d3 c6 3.Nbd2 Bg4 4.e4 Nd7 5.h3 Bh5 6.Qe2 e6 7.g3 Bd6
8.Bg2 Qb6 9.g4 Bg6 10.e5 Bc7 11.Nb3 h5 12.Nh4 Ne7 13.Be3 c5 14.f4
O-O-O 15.c4 dxc4 16.dxc4 Bh7 17.g5 Nc6 18.g6 Bxg6 19.Nxg6 fxg6
20.h4 Nd4 21.Bxd4 cxd4 22.Qe4 Qb4+ 23.Kf2 d3 24.Kg3 Nb8 25.Rad1
Nc6 26.Qxg6 Rhf8 27.Qxe6+ Kb8 28.Bxc6 bxc6 29.Qxc6 Bb6 30.Qb5
Qe7 31.Qc6 Qf7 32.Qe4 Qe6 33.Qf3 Qxc4 34.Rhf1 Qe6 35.Kh2 Qf5
36.Rc1 d2 37.Rc3 d1Q 38.Rxd1 Rxd1 39.Qxd1 Qxf4+ 40.Kg2 Qxe5 41.Rf3 1/2-1/2

[Event "FIDE Open 2012"]
[Site "Voronezh (Russia)"]
[Date "2012.06.16"]
[Round "5.3"]
[White "Bezgodova, Svetlana"]
[Black "Fadin, Evgeny"]
[Result "1/2-1/2"]
[WhiteElo "2120"]
[BlackElo "2122"]
[Annotator ""]
[Source ""]
[Remark ""]

1.Nf3 Nf6 2.g3 b6 3.Bg2 Bb7 4.O-O g6 5.b3 Bg7 6.Bb2 O-O 7.c4
c5 8.d4 cxd4 9.Qxd4 Nh5 10.Qd2 Bxb2 11.Qxb2 d6 12.Nc3 Nf6 13.Rfd1
Nbd7 14.Rac1 a6 15.Rd4 Rc8 16.Bh3 Qc7 17.Qd2 Rfd8 18.Qh6 e6 19.Rf4
Qc5 20.Ng5 Qe5 21.Nxf7 Kxf7 22.Qxh7+ Kf8 23.Qxg6 Re8 24.Na4 Ke7
25.Nxb6 Nxb6 26.Qg7+ Kd8 27.Qxb7 Nbd7 28.Rd1 a5 29.Rfd4 Rc7 30.Qa6
Rh8 31.Bg2 Ne8 32.Re4 Qf5 33.Qa8+ Ke7 34.Red4 Rh6 35.h4 Qe5 36.Bf3
Rg6 37.Re4 Qc5 38.Rd5 Ra7 39.Rxc5 Rxa8 40.Rb5 Ra7 41.h5 Rg8 42.Rh4
Nef6 43.Bg2 Nc5 44.a3 Kf7 45.Bf3 Ke7 46.Kg2 Rc7 47.e3 Ra7 48.Rd4
e5 49.Rd1 e4 50.Be2 Nfd7 51.b4 axb4 52.axb4 Ne6 53.Rbd5 Ra2 54.Kf1
Rb2 55.Rxd6 Ne5 56.Rb6 Ra8 57.Rdd6 Ra1+ 58.Kg2 Nd8 59.Rd5 Ndf7
60.Rb7+ Kf6 61.Rb6+ Ke7 62.Rb7+ Kf6 1/2-1/2

[Event "FIDE Open 2012"]
[Site "Voronezh (Russia)"]
[Date "2012.06.16"]
[Round "5.4"]
[White "Alkaev, Roman"]
[Black "Kubatko, Ivan"]
[Result "1/2-1/2"]
[WhiteElo "2066"]
[BlackElo "2229"]
[Annotator ""]
[Source ""]
[Remark ""]

1.e4 d5 2.exd5 Qxd5 3.Nc3 Qa5 4.d4 Nf6 5.Nf3 Bg4 6.h3 Bh5 7.g4
Bg6 8.Ne5 e6 9.Bg2 c6 10.h4 Nbd7 11.O-O Nxe5 12.dxe5 Qxe5 13.Re1
Qa5 14.h5 Nxh5 15.gxh5 Bxh5 16.Qd4 Rd8 17.Qh4 Be7 18.Qg3 Bg6
19.Bf4 Qh5 20.Ne4 O-O 21.Ng5 Bxc2 22.Rac1 Bf5 23.Ne4 Qg6 24.Qf3
Rd4 25.Ng3 Bg4 26.Qe3 Rfd8 27.Be4 f5 28.Bg2 Bb4 29.Rc3 Rd1 30.Kh2
Bxc3 31.bxc3 h5 32.f3 h4 33.Ne2 h3 34.Bh1 Bh5 35.Bg3 e5 36.Rxd1
Rxd1 37.Qxe5 Rxh1+ 38.Kxh1 Bxf3+ 39.Kh2 Bxe2 40.Qxe2 Qh6 41.Qc4+ 1/2-1/2

[Event "FIDE Open 2012"]
[Site "Voronezh (Russia)"]
[Date "2012.06.16"]
[Round "5.5"]
[White "Bargandzhiya, Zaza"]
[Black "Manukovsky, Vladimir"]
[Result "0-1"]
[WhiteElo "2070"]
[BlackElo "2238"]
[Annotator ""]
[Source ""]
[Remark ""]

1.e4 c5 2.Nf3 d6 3.d4 cxd4 4.Nxd4 Nf6 5.Nc3 a6 6.Bg5 e6 7.f4
Be7 8.Qf3 Nc6 9.O-O-O Qc7 10.Nxc6 Qxc6 11.e5 Qxf3 12.gxf3 dxe5
13.fxe5 Nh5 14.Bxe7 Kxe7 15.Na4 b5 16.Nc5 Ra7 17.Bd3 Nf4 18.Be4
a5 19.Rd6 Ng6 20.Rb6 b4 21.Rg1 Rd8 22.Nd3 Ba6 23.f4 Bxd3 24.Bxd3
Nxf4 25.Rxg7 Nxd3+ 26.cxd3 Rxd3 27.Kc2 Rd4 28.Rxh7 a4 29.Rd6
Rc7+ 30.Kb1 Rxd6 31.exd6+ Kxd6 32.Rh8 Rb7 33.Kc2 f5 34.Kd3 Kd5
35.Rd8+ Ke5 36.Rd4 f4 37.h4 Rh7 0-1

[Event "FIDE Open 2012"]
[Site "Voronezh (Russia)"]
[Date "2012.06.16"]
[Round "5.6"]
[White "Natacheev, Peter"]
[Black "Gataullin, Artur"]
[Result "1-0"]
[WhiteElo "2230"]
[BlackElo "2064"]
[Annotator ""]
[Source ""]
[Remark ""]

1.e4 e5 2.Nc3 Nc6 3.g3 Bc5 4.Bg2 a6 5.Nge2 Nf6 6.O-O d6 7.Nd5
Be6 8.c3 Ba7 9.d4 exd4 10.cxd4 Bxd5 11.exd5 Ne7 12.Bg5 Ng6 13.Nf4
O-O 14.Nh5 Re8 15.h4 Nf8 16.Bxf6 gxf6 17.Qd2 f5 18.Rad1 f6 19.Qh6
Re7 20.Bh3 Ng6 21.Nxf6+ Kh8 22.Nxh7 Rxh7 23.Qxg6 Qg8 24.Bxf5
Qxg6 25.Bxg6 Re7 26.f4 Re2 27.Rf2 Re3 28.Kg2 Kg7 29.h5 Rd8 30.g4
Rd7 31.g5 1-0

[Event "FIDE Open 2012"]
[Site "Voronezh (Russia)"]
[Date "2012.06.16"]
[Round "5.7"]
[White "Kostitsina, Liubov"]
[Black "Talipov, Nafis"]
[Result "0-1"]
[WhiteElo "2053"]
[BlackElo "2160"]
[Annotator ""]
[Source ""]
[Remark ""]

1.e4 c6 2.d4 d6 3.Nc3 e5 4.Nf3 Nd7 5.Bc4 Be7 6.O-O Ngf6 7.a4
O-O 8.Re1 Qc7 9.b3 b6 10.Bb2 Bb7 11.Bf1 Rfe8 12.Qd2 a6 13.g3
Bf8 14.Bg2 b5 15.axb5 axb5 16.Rxa8 Bxa8 17.Nd1 Qb6 18.Qg5 h6
19.Qf5 g6 20.Qh3 exd4 21.Bxd4 c5 22.Be3 Bxe4 23.Bxh6 Qc6 24.Bxf8
Nxf8 25.Nh4 g5 26.f3 Bh7 27.Ne3 gxh4 28.Qxh4 d5 29.f4 Qd6 30.Qg5+
Kh8 31.Kf2 Qe6 32.Bh3 Ne4+ 0-1

[Event "FIDE Open 2012"]
[Site "Voronezh (Russia)"]
[Date "2012.06.16"]
[Round "5.8"]
[White "Egorenkov, Igor"]
[Black "Ioffe, Evgeny"]
[Result "1-0"]
[WhiteElo "2133"]
[BlackElo "2046"]
[Annotator ""]
[Source ""]
[Remark ""]

1.e4 c6 2.d3 d5 3.Nd2 e5 4.Ngf3 Qc7 5.Be2 Nf6 6.O-O Bd6 7.Re1
O-O 8.c3 Re8 9.Qc2 Nbd7 10.Nf1 Nc5 11.Ng3 h6 12.Nh4 Bf8 13.Bf3
g6 14.Be3 Be6 15.b4 dxe4 16.dxe4 Ncd7 17.Be2 Kh7 18.Nf3 Nb6 19.Bc1
a5 20.bxa5 Rxa5 21.h4 Rea8 22.a3 Bxa3 23.Bd2 Nc4 24.Bxc4 Bxc4
25.h5 Bc5 26.Rxa5 Rxa5 27.hxg6+ fxg6 28.Qd1 Ra2 29.Be3 Qe7 30.Nd2
Bxe3 31.fxe3 Be6 32.Nf3 Ng4 33.Qb1 b5 34.Nf1 Qa3 35.Qd3 Qe7 36.Qb1
Ra7 37.N1d2 Qc5 38.Kh1 Rd7 39.Qb4 Qxb4 40.cxb4 Rd3 41.Rc1 Bc4
42.Nxc4 bxc4 43.Rxc4 Rd1+ 44.Ng1 Rb1 45.g3 h5 46.Rxc6 Rxb4 47.Nf3
Kh6 48.Nh4 Rxe4 49.Rxg6+ Kh7 50.Rg5 Nf6 51.Nf5 Rg4 52.Rxg4 Nxg4
53.Kg2 e4 54.Nd6 1-0

[Event "FIDE Open 2012"]
[Site "Voronezh (Russia)"]
[Date "2012.06.16"]
[Round "5.10"]
[White "Aminov, Andrey"]
[Black "Markevich, Arseniy"]
[Result "1-0"]
[WhiteElo "2112"]
[BlackElo "2033"]
[Annotator ""]
[Source ""]
[Remark ""]

1.e4 Nc6 2.Nf3 f5 3.exf5 d5 4.d4 Bxf5 5.Bb5 e6 6.Ne5 Nge7 7.Qh5+
g6 8.Qe2 h5 9.Bg5 Qd6 10.Bf4 Qb4+ 11.c3 Qa5 12.b4 Qb6 13.O-O
a6 14.Ba4 Bg7 15.Nd2 Bf6 16.Ndf3 Rg8 17.Bg5 Bxe5 18.Nxe5 Nc8
19.h3 Nd6 20.g4 hxg4 21.hxg4 Ne4 22.Qe3 a5 23.a3 axb4 24.Bxc6+
bxc6 25.axb4 Ra6 26.f3 Ng3 27.Rfe1 Rh8 28.Kg2 c5 29.dxc5 Qa7
30.Rxa6 Qxa6 31.Kxg3 Bc2 32.Qf4 Rf8 33.Rh1 Rxf4 34.Kxf4 Kf8 35.Bf6
g5+ 36.Kg3 1-0